Tous les joueurs ayant remporté le Ballon d'Or et la LDC - Statistiques

Statistiques générales
  • Ce quiz a été pris 242 fois
  • Le résultat moyen est 18 sur 30
Statistiques - réponses
Hint Réponse % Correct
Argentine Lionel Messi
100%
Portugal Cristiano Ronaldo
99%
France Karim Benzema
94%
France Zinedine Zidane
93%
Croatie Luka Modrić
91%
Brésil Ronaldinho
86%
Espagne Rodri
84%
Brésil Kaká
81%
France Michel Platini
81%
Portugal Luis Figo
78%
France Jean-Pierre Papin
68%
Ukraine Shevchenko
67%
Brésil Rivaldo
66%
Pays-Bas Johan Cruyff
65%
Irlande du Nord George Best
64%
Argentine/Espagne Alfredo Di Stefano
63%
France Raymond Kopa
63%
Allemagne Franz Beckenbauer
60%
Pays-Bas Marco Van Basten
59%
Pays-Bas Ruud Gullit
58%
Allemagne Gerd Muller
56%
Bulgarie Hristo Stoichkov
51%
Angleterre Bobby Charlton
40%
Espagne Luis Suárez
33%
Allemagne Mathias Sammer
33%
Itallie Paolo Rossi
30%
Allemagne Karl-Heinz Rummenigge
28%
Angleterre Kevin Keegan
19%
Ecosse Denis Law
15%
Italie Gianni Rivera
15%
Aucun quiz correspondant
Distribution des résultats
% des personnes avec chaque résultat
Percentile par nombre de réponses
Votre historique - résultats
Vous n’avez pas pris ce quiz